000 01783nam a2200433 i 4500
001 86894
003 FINmELB
005 20241217171519.0
006 m o d |
007 cr cnu||||||||
008 230824s2023 sp ob 001 0 spa d
020 _a9788411038485
_q(e-book)
035 _a(OCoLC)1399429780
040 _aFINmELB
_bspa
_erda
_cFINmELB
050 4 _aHF1010
_bS689 2023
080 _a330.33
082 0 4 _a016.33
_223
100 1 _aSorlózano González, María José,
_eautora.
245 1 0 _aAdministración y gestión de las comunicaciones de la dirección.
_nADGG0108 /
_cMaría José Sorlózano González.
250 _aSegunda edición.
264 1 _aAntequera :
_bIC Editorial,
_c2023.
300 _a1 recurso en línea (360 páginas)
336 _atexto
_btxt
_2rdacontent/spa
337 _acomputadora
_bc
_2rdamedia/spa
338 _arecurso en línea
_bcr
_2rdacarrier/spa
490 1 _aCertificado de Profesionalidad ; ADGG0308-Asistencia documental y de gestión de despachos y oficinas
500 _aIncluye índice.
504 _aIncluye bibliografía.
588 _aDescripción basada en metadatos suministrados por el editor y otras fuentes.
590 _aRecurso electrónico. Santa Fe, Arg.: elibro, 2023. Disponible vía World Wide Web. El acceso puede estar limitado para las bibliotecas afiliadas a elibro.
650 4 _aEmpresas
_xAspectos morales.
650 4 _aÉtica comercial.
650 4 _aÉtica de los negocios.
650 4 _aNegocios
_xAspectos morales.
655 4 _aLibros electrónicos.
797 2 _aelibro, Corp.
830 0 _aCertificado de Profesionalidad ; ADGG0308-Asistencia documental y de gestión de despachos y oficinas.
856 4 0 _uhttps://elibro.net/ereader/politecnicointernacional/233000
999 _c86894
_d86894